Statistiken für Länder mit der höchsten Arbeitslosenquote

Klicken Sie hier um das Quiz zu spielen!

Allgemein

  • Dieses Quiz wurde 73 mal gespielt
  • Das Durchschnittsergebnis liegt bei 13 aus 25

Antwortstatistiken

PlatzLandArbeitslosenquoteKontinent% Korrekt
1.Venezuela35,4%Südamerika
90%
3.Kosovo25,7%Europa
79%
17.Sudan16,5%Afrika
74%
14.Nordmazedonien17,8%Europa
68%
15.Griechenland17,2%Europa
63%
2.Südafrika28,2%Afrika
61%
23.Haiti13,8%Nordamerika
60%
8.Namibia20,3%Afrika
60%
22.Spanien14%Europa
58%
12.Bosnien und Herzegowina18,4%Europa
56%
19.Montenegro14,9%Europa
56%
11.Libyen18,6%Afrika
53%
13.Botswana18,2%Afrika
52%
18.Tunesien16%Afrika
52%
6.Eswatini22,1%Afrika
47%
4.Lesotho23,4%Afrika
47%
24.Türkei13,5%Asien
47%
7.St. Lucia20,7%Nordamerika
44%
10.St. Vincent und die Grenadinen18,9%Nordamerika
44%
5.Grenada22,9%Nordamerika
42%
16.Armenien17%Asien
34%
21.Georgien14,4%Asien
32%
9.Gabun20%Afrika
29%
25.Sao Tome und Principe13,4%Afrika
27%
20.Jordanien14,7%Asien
19%

Verteilung der Resultate

Perzentil nach korrekt beantworteten Fragen

Anzahl Personen mit jedem Resultat

Ihre Resultats-Entwicklung

Sie haben dieses Quiz noch nicht gespielt